[Event "Stuttgart-chC int"]
[Site "Ditzingen"]
[Date "2013.05.10"]
[Round "4"]
[White "Mirosenski, Roman"]
[Black "Zacke, Tamara"]
[Result "0-1"]
[WhiteElo "896"]
[BlackElo "1118"]
[PlyCount "86"]
[EventDate "2013.05.09"]
[EventType "swiss"]
[EventRounds "7"]
[EventCountry "GER"]
[SourceTitle "EXT 2014"]
[Source "ChessBase"]
[SourceDate "2013.11.20"]
[SourceVersion "1"]
[SourceVersionDate "2013.11.20"]
[SourceQuality "1"]

1. d4 d5 2. c4 c6 3. e3 Nf6 4. Nc3 e6 5. Nf3 Nbd7 6. Bd3 dxc4 7. Bxc4 b5 8. Bd3 Bb4 9. Bd2 Ba6 10. a4 Bxc3 11. Bxc3 Qb6 12. a5 Qb7 13. Bb4 Nd5 14. Bd6 b4 15. e4 Bxd3 16. exd5 Be4 17. dxe6 fxe6 18. Qe2 Nf6 19. Be5 Bxf3 20. Qxf3 0-0 21. 0-0 Nd7 22. Qe4 Nxe5 23. Qxe5 Qd7 24. Rad1 Rf5 25. Qg3 Rxa5 26. Qb3 Rb5 27. Rfe1 Re8 28. Re5 Rxe5 29. dxe5 Qe7 30. Rd6 Qg5 31. h3 Qxe5 32. Rxc6 a5 33. Ra6 Kh8 34. Qa4 Rc8 35. g3 Rc1+ 36. Kh2 h6 37. Qe8+ Kh7 38. Rxe6 Qf5 39. Kg2 Qd5+ 40. Re4 Re1 41. f3 Qd2+ 42. Re2 Rxe2+ 43. Kf1 Qd1# 0-1